| 000 | 00574nam a2200169 i 4500 | ||
|---|---|---|---|
| 001 | 180712 | ||
| 003 | ES-MaACL | ||
| 005 | 20250901230854.0 | ||
| 008 | 120628s1844 sp |||| | spa d | ||
| 110 | 2 |
_aJunta de Comercio de Cataluña _9150802 |
|
| 245 | 1 | 0 | _aMemoria de la Junta de Comercio de Cataluña relativa al estado de la industria del país y medios de fomentarla. |
| 260 |
_aBarcelona : _b[s.n.], _c1844 ( _fImp. de A. Brusi) |
||
| 300 |
_a20 p. ; _c22 cm. |
||
| 650 | 4 |
_aIndustria- _zEspaña. _913715 |
|
| 852 | 4 |
_aES-MaACL _jT-35-F-14 |
|
| 999 |
_c180712 _d180712 |
||